An examination of key factors of influence in the development process of credit union industries (Record no. 54775)

000 -LEADER
fixed length control field 00493pab a2200169 454500
008 - FIXED-LENGTH DATA ELEMENTS--GENERAL INFORMATION
fixed length control field 180718b2002 xxu||||| |||| 00| 0 eng d
100 ## - MAIN ENTRY--PERSONAL NAME
Personal name Sibbald, Alexander
245 ## - TITLE STATEMENT
Title An examination of key factors of influence in the development process of credit union industries
260 ## - PUBLICATION, DISTRIBUTION, ETC.
Date of publication, distribution, etc. 2002
300 ## - PHYSICAL DESCRIPTION
Extent p.399-428.
362 ## - DATES OF PUBLICATION AND/OR SEQUENTIAL DESIGNATION
Dates of publication and/or sequential designation Sep
650 ## - SUBJECT ADDED ENTRY--TOPICAL TERM
Topical term or geographic name entry element Credit
700 ## - ADDED ENTRY--PERSONAL NAME
Personal name Mckillop, Donal
700 ## - ADDED ENTRY--PERSONAL NAME
Personal name Ferguson, Charles
773 ## - HOST ITEM ENTRY
Main entry heading Annals of Public and Cooperative Economics
909 ## -
-- 54775
Holdings
Withdrawn status Lost status Damaged status Not for loan Permanent Location Current Location Date acquired Serial Enumeration / chronology Barcode Date last seen Price effective from Koha item type
        Indian Institute of Public Administration Indian Institute of Public Administration 2018-07-19 Volume no: 73, Issue no: 3 AR55220 2018-07-19 2018-07-19 Articles

Powered by Koha